Detalles MARC
| 000 -LIDER |
| fixed length control field |
01408nam a2200373 a 4500 |
| 001 - NÚMERO DE CONTROL |
| Identificador de número de control |
000015083 |
| 003 - IDENTIFICACDOR DE NÚMERO DE CONTROL |
| control field |
DO-SdBNP |
| 005 - DATE AND TIME OF LATEST TRANSACTION |
| control field |
20170927104129.0 |
| 007 - CAMPOS FIJOS DE DESCRIPCIÓN FÍSICA |
| fixed length control field |
000015083 |
| 008 - ELEMENTOS DE LONGITUD FIJA |
| fixed length control field |
100201s2003 dr ac 001 0 spa d |
| 020 ## - ISBN |
| International Standard Book Number |
9993496308 |
| 040 ## - FUENTE DE CATALOGACIÓN |
| Agencia que crea de manera original el registro |
BPMSU |
| Idioma de catalogación |
spa |
| Agencia que realiza la transcripción |
BPMSU |
| 082 ## - NÚMERO DE CLASIFICACIÓN DECIMAL DE DEWEY |
| Classification number |
RD860.44 |
| Item number |
P438zL |
| 100 1# - ASIENTO PRINCIPAL -- NOMBRE PERSONAL |
| Nombre personal |
Pérez, Odalís G., |
| Fechas asociadas con el nombre |
1952- |
| 245 13 - MENCIÓN DE TITULO |
| Título |
La identidad negada : |
| Subtítulo |
los caminos de la patria montonera / |
| Mención de responsabilidad |
Odalís G. Pérez. |
| 260 ## - PUBLICACIÓN, DISTRIBUCIÓN, ETC. (PIE DE IMPRENTA) |
| Lugar de publicación, distribución, etc |
Santo Domingo : |
| Nombre del editor, distribuidor, etc. |
Identidades vivas, |
| Fecha de publicación, distribución, etc |
2003. |
| Impresor |
Manatí |
| 300 ## - DESCRIPCIÓN FÍSICA |
| Extensión |
247 p. : |
| Otros detalles físicos |
il., retrs. ; |
| Dimensiones |
23 cm. |
| 490 1# - MENCIÓN DE SERIES |
| Mención de serie |
Nueva visión del pensamiento dominicano. |
| 504 ## - NOTA DE BIBLIOGRAFÍA, ETC. |
| Bibliography, etc |
Bibliografía : p. 227-231. |
| 600 14 - ENCABEZAMIENTO DE MATERIA--NOMBRE PERSONAL |
| Nombre personal |
FRANCISCO, RAMÓN, |
| Fechas asociadas con el nombre |
1929- |
| Título de una obra |
PATRIA MONTONERA |
| 600 14 - ENCABEZAMIENTO DE MATERIA--NOMBRE PERSONAL |
| Nombre personal |
FRANCISCO, RAMÓN, |
| Fechas asociadas con el nombre |
1929- |
| Subdivisión temática general |
CRÍTICA E INTERPRETACIÓN |
| 650 #4 - ENCABEZAMIENTO DE MATERIA--TEMÁTICO |
| Término temático o nombre geográfico como elemento de entrada |
POESÍA DOMINICANA |
| Subdivisión temática general |
HISTORIA Y CRÍTICA |
| Subdivisión cronológica |
SIGLO XX |
| 650 #4 - ENCABEZAMIENTO DE MATERIA--TEMÁTICO |
| Término temático o nombre geográfico como elemento de entrada |
LITERATURA DOMINICANA |
| Subdivisión temática general |
HISTORIA Y CRÍTICA |
| Subdivisión cronológica |
SIGLO XX |
| 830 #0 - ASIENTO SECUNDARIO DE SERIE--TÍTULO UNIFORME |
| Título uniforme |
Nueva visión del pensamiento dominicano |
| 910 ## - VALIDACIÓN |
| Validación |
Validado. Control de calidad BNPHU |
| 930 #1 - EQUIVALENCE OR CROSS-REFERENCE-UNIFORM TITLE HEADING [LOCAL, CANADA] |
| Language of a work |
BND01 |
| Medium of performance for music |
LF1 |
| Field link and sequence number |
20100201 |
| Date of a work |
02 |
| Name of part/section of a work |
HD |
| Miscellaneous information |
9691 |
| Medium |
e. 3 |
| 930 #1 - EQUIVALENCE OR CROSS-REFERENCE-UNIFORM TITLE HEADING [LOCAL, CANADA] |
| Language of a work |
BND01 |
| Medium of performance for music |
LF1 |
| Field link and sequence number |
20100201 |
| Date of a work |
01 |
| Name of part/section of a work |
HD |
| Miscellaneous information |
9690 |
| Medium |
e. 2 |
| 942 ## - ADDED ENTRY ELEMENTS (KOHA) |
| Source of classification or shelving scheme |
Dewey Decimal Classification |
| Koha item type |
Libros |
| 945 ## - INFORMACIÓN DE PROCESAMIENTO LOCAL |
| Información de procesamiento local |
Inventariado, 2017/MFF |
| 956 ## - LOCAL ELECTRONIC LOCATION AND ACCESS (OCLC) |
| Nombre de host |
SARMENTERO |
| Número de acceso |
10 |
| Información de compresión |
20100201 |
| Inicio de sesión |
BND01 |
| Procesador de solicitud |
0854 |
| 956 ## - LOCAL ELECTRONIC LOCATION AND ACCESS (OCLC) |
| Nombre de host |
MGARCIA |
| Número de acceso |
10 |
| Información de compresión |
20100913 |
| Inicio de sesión |
BND01 |
| Procesador de solicitud |
1502 |
| 956 ## - LOCAL ELECTRONIC LOCATION AND ACCESS (OCLC) |
| Nombre de host |
MMOLINA |
| Número de acceso |
40 |
| Información de compresión |
20110317 |
| Inicio de sesión |
BND01 |
| Procesador de solicitud |
1540 |
| 956 ## - LOCAL ELECTRONIC LOCATION AND ACCESS (OCLC) |
| Nombre de host |
VMATEO |
| Número de acceso |
10 |
| Información de compresión |
20150805 |
| Inicio de sesión |
BPMSU |
| Procesador de solicitud |
00151 |